| 000 -LEADER |
| fixed length control field |
01754cam a2200373 a 4500 |
| 001 - CONTROL NUMBER |
| control field |
17052194 |
| 003 - CONTROL NUMBER IDENTIFIER |
| control field |
NUST |
| 005 - DATE AND TIME OF LATEST TRANSACTION |
| control field |
20171122102547.0 |
| 008 - FIXED-LENGTH DATA ELEMENTS--GENERAL INFORMATION |
| fixed length control field |
111121s2012 nyua 6 000 1 eng |
| 010 ## - LIBRARY OF CONGRESS CONTROL NUMBER |
| LC control number |
2011048293 |
| 020 ## - INTERNATIONAL STANDARD BOOK NUMBER |
| International Standard Book Number |
9780755342822 (pbk) |
| 035 ## - SYSTEM CONTROL NUMBER |
| System control number |
(OCoLC)ocn762135430 |
| 040 ## - CATALOGING SOURCE |
| Original cataloging agency |
DLC |
| Language of cataloging |
eng |
| Transcribing agency |
DLC |
| Modifying agency |
YDX |
| -- |
YDXCP |
| -- |
BDX |
| -- |
EPL |
| -- |
ZS3 |
| -- |
BWX |
| -- |
DLC |
| 042 ## - AUTHENTICATION CODE |
| Authentication code |
pcc |
| 050 00 - LIBRARY OF CONGRESS CALL NUMBER |
| Classification number |
PN6727.K386 |
| Item number |
S55 2012 |
| 082 00 - DEWEY DECIMAL CLASSIFICATION NUMBER |
| Classification number |
741.5973 |
| Author Mark |
KEL |
| 100 1# - MAIN ENTRY--PERSONAL NAME |
| Personal name |
Kellerman, Jonathan. |
| 9 (RLIN) |
6631 |
| 245 10 - TITLE STATEMENT |
| Title |
Silent partner : |
| Remainder of title |
the graphic novel / |
| Statement of responsibility, etc. |
Jonathan Kellerman ; adapted by Ande Parks ; art by Michael Gaydos. |
| 250 ## - EDITION STATEMENT |
| Edition statement |
1st ed. |
| 260 ## - PUBLICATION, DISTRIBUTION, ETC. |
| Place of publication, distribution, etc. |
New York : |
| Name of publisher, distributor, etc. |
Villard Books, |
| Date of publication, distribution, etc. |
2012. |
| 300 ## - PHYSICAL DESCRIPTION |
| Extent |
595 p. : |
| Other physical details |
chiefly ill. ; |
| Dimensions |
27 cm. |
| 520 ## - SUMMARY, ETC. |
| Summary, etc. |
A graphic novel adaptation of the classic New York Times bestseller follows Alex Delaware, as he, driven by grief, tries to find the truth surrounding the death of an ex-lover, with the help of his trusted friend, homicide cop Milo Sturgis. |
| 600 10 - SUBJECT ADDED ENTRY--PERSONAL NAME |
| Personal name |
Delaware, Alex |
| Titles and other words associated with a name |
(Fictitious character) |
| Form subdivision |
Comic books, strips, etc. |
| 9 (RLIN) |
6632 |
| 600 10 - SUBJECT ADDED ENTRY--PERSONAL NAME |
| Personal name |
Kellerman, Jonathan. |
| Title of a work |
Silent partner |
| Form subdivision |
Adaptations. |
| 9 (RLIN) |
6633 |
| 650 #0 - SUBJECT ADDED ENTRY--TOPICAL TERM |
| Topical term or geographic name entry element |
Child psychologists |
| Form subdivision |
Comic books, strips, etc. |
| 9 (RLIN) |
6634 |
| 650 #0 - SUBJECT ADDED ENTRY--TOPICAL TERM |
| Topical term or geographic name entry element |
Psychologists |
| Form subdivision |
Comic books, strips, etc. |
| 9 (RLIN) |
6635 |
| 651 #0 - SUBJECT ADDED ENTRY--GEOGRAPHIC NAME |
| Geographic name |
Los Angeles (Calif.) |
| Form subdivision |
Comic books, strips, etc. |
| 9 (RLIN) |
6636 |
| 655 #0 - INDEX TERM--GENRE/FORM |
| Genre/form data or focus term |
Graphic novels. |
| 9 (RLIN) |
6637 |
| 655 #7 - INDEX TERM--GENRE/FORM |
| Genre/form data or focus term |
Mystery fiction. |
| Source of term |
gsafd |
| 9 (RLIN) |
5621 |
| 700 1# - ADDED ENTRY--PERSONAL NAME |
| Personal name |
Parks, Ande. |
| 9 (RLIN) |
6638 |
| 700 1# - ADDED ENTRY--PERSONAL NAME |
| Personal name |
Gaydos, Michael. |
| 9 (RLIN) |
6639 |
| 906 ## - LOCAL DATA ELEMENT F, LDF (RLIN) |
| a |
7 |
| b |
cbc |
| c |
orignew |
| d |
1 |
| e |
ecip |
| f |
20 |
| g |
y-gencatlg |
| 942 ## - ADDED ENTRY ELEMENTS (KOHA) |
| Source of classification or shelving scheme |
|
| Koha item type |
Book |